Teología de la cultura (Registro nro. 70121)
[ vista simple ]
| 000 -LÍDER | |
|---|---|
| Campo fijo de descripción fija | 01083nab a2200217 i 4500 |
| 001 - NÚMERO DE CONTROL | |
| Campo de control | 768714001 |
| 003 - IDENTIFICADOR DEL NÚMERO DE CONTROL | |
| Campo de control | CO-MdFUSB |
| 005 - FECHA Y HORA DE LA ULTIMA TRANSACCIÓN | |
| control field | 20240611155232.0 |
| 008 - ELEMENTOS DE LONGITUD FIJA -- INFORMACIÓN GENERAL | |
| Campo fijo de descripción fija -- Información general | 240611t1972 ck ||||| |||| 00| 0 spa d |
| 040 ## - FUENTE DE CATALOGACIÓN | |
| Idioma de catalogación | spa |
| Agencia que realiza la transcripción | CO-MdFUSB |
| Agencia que realiza la modificación | CO-MdFUSB |
| 041 ## - CÓDIGO DE IDIOMA | |
| Código de idioma para texto/pista de sonido o título separado | spa |
| 100 ## - ASIENTO PRINCIPAL--NOMBRE PERSONAL | |
| Nombre personal | Vélez, Fabio, |
| Término relacionador | autor |
| 245 ## - TÍTULO | |
| Título | Teología de la cultura |
| Mención de responsabilidad | / Fabio Vélez |
| 520 ## - NOTA DE RESUMEN, ETC. | |
| Nota de sumario, etc. | El conjunto de reflexiones que constituyen el tema de este capítulo pretenden ser conclusión y culminación de las ideas expuestas sobre el conflicto entre "concepto" e "intuición", entre "pensamiento cosmológico" y "pensamiento ontológico"; la tesis de que la "religión es la sustancia de la cultura y la cultura la forma de la religión". |
| 650 #7 - ASIENTO SECUNDARIO DE MATERIA - TERMINO TEMÁTICO | |
| Término temático o nombre geográfico como elemento de entrada | Religión y cultura |
| 9 (RLIN) | 388 |
| 650 #7 - ASIENTO SECUNDARIO DE MATERIA - TERMINO TEMÁTICO | |
| Término temático o nombre geográfico como elemento de entrada | Teología natural |
| 9 (RLIN) | 7182 |
| 650 #7 - ASIENTO SECUNDARIO DE MATERIA - TERMINO TEMÁTICO | |
| Término temático o nombre geográfico como elemento de entrada | Antropología cultural y social |
| 9 (RLIN) | 6714 |
| 773 0# - ASIENTO DE ITEM FUENTE | |
| Biblionumber | 70111 |
| Itemnumber | 82740 |
| Lugar, editorial y fecha de publicación | Bogotá, Colombia : |
| Otro identificador del ítem | R2615 |
| Título | Ecclesiastica Xaveriana |
| Número de control del registro | (CO-MdFUSB)768714001 |
| Parte(s) relacionada(s) / Volumen., número. (mes año), páginas | Volumen 22, (número 1, 1972) páginas: 3 - 67 |
| Enumeración y primera página | página: 67 |
| 942 ## - TIPO DE MATERIAL (KOHA) | |
| Tipo de Item KOHA | Artículos de Revista |
| 945 ## - INFORMACIÓN LOCAL DEL REGISTRO | |
| Catalogador | Catherine Arias Álvarez - Practicante SENA |
No hay ítems disponibles.
